| 000 | 00800nas a2200277 4500 | ||
|---|---|---|---|
| 001 | BR2011003512 | ||
| 003 | BR-BrBNA | ||
| 005 | 20231205115041.0 | ||
| 007 | ta | ||
| 008 | 230509b bl.|||p| |||| 00| 00por d | ||
| 040 |
_aBR-BrBNA _bpor _cBiblioteca Nacional de Agricultura |
||
| 041 | _a(Pt) | ||
| 072 | _aF60 | ||
| 100 | 1 | _aRosa, P.M. da | |
| 100 | 1 | _aAntoniassi, R. | |
| 100 | 1 | _aGonçalves, E.B. | |
| 100 | 1 | _aBizzo, H.R. | |
| 100 | 1 | _aSilva, A.J.R. da | |
| 245 | 1 | _aExtração de ácido clorogênico de farelo de girassol desengordurado | |
| 650 | _aGIRASSOL | ||
| 650 | _aFARELO | ||
| 650 | _aEXTRAÇÃO | ||
| 773 | 0 |
_tCiência Rural (Brazil) _xISSN 0103-8478 _g(Apr 2011), v. 41(4) p. 719-724 _wBR2011003512 |
|
| 909 |
_a202311 _bLúcia _c55 _dLúcia Elande |
||
| 942 |
_2AGRIS _n0 _cANA |
||
| 999 |
_c211842 _d211842 |
||